000
00334nam a2200145 a 4500
008
021024s1973||||xx 0 und c
040
_a
SNK
_b
slo
_c
SNK
_e
AACR2
100
1
_a
Kobyľanská, Oľha
245
1
0
_a
Kráľovná
260
_a
Bratislava
_b
Smena
_c
1973
300
_a
296 s.
044
_a
xo
_c
SK
020
_c
23
041
_a
slo
999
_c
12100
_d
12100